000 006290000a22001930004500
999 _c54161
_d54161
001 768714001
003 CO-MdFUSB
005 20170814104313.0
008 170814s2001 xxu||||| |||| 00| 0 eng d
022 _a0098-9444
040 _aCO-MdFUSB
_bspa
_cCO-MdFUSB
_dCO-MdFUSB
041 _aeng
100 1 _aSudilovsky, Judith
_eautor
245 1 0 _aLast-minute rescue :
_bstolen artifacts recovered at port
300 _aVolumen 27. Número 1 (2001), Páginas 14
_c28 cm.
546 _aTexto en inglés
773 0 _tBiblical Archaeology Review
_049395
_959470
_gVolumen 27. Número 1 (2001), Páginas 14
_qPágina 14
942 _cANA